| 000 | 00688nam a22002057a 4500 | ||
|---|---|---|---|
| 003 | 1 | ||
| 005 | 20220302133939.0 | ||
| 008 | 220302b xxu||||| |||| 00| 0 eng d | ||
| 022 | _2978-1-4166-2466-0 | ||
| 050 |
_aLB1028.5 _b.B8745 2017 |
||
| 100 |
_aBurns, Monica. _d1986. |
||
| 245 |
_aTask before apps: _bdesigning rigorous learning in a tech-rich classroom/ _cMonica Burns. |
||
| 260 |
_aAlexandria, Virginia, USA.: _bASCD. _cc2017 |
||
| 300 |
_a112 pp. _c23 cm. _eIncludes bibliographical references and index. |
||
| 500 | _aComputer-assisted instruction. | ||
| 500 | _aEducational technology. | ||
| 500 | _aInternet in education. | ||
| 500 | _aLesson planning. | ||
| 942 |
_2lcc _cBK |
||
| 999 |
_c364701 _d364701 |
||